[Event "Titled Tue 1st Jul Early"]
[Site "chess.com INT"]
[Date "2025.07.01"]
[Round "5"]
[White "Bilochenko, Matvii"]
[Black "Sabatier, Mathis"]
[Result "1/2-1/2"]
[WhiteTitle "CM"]
[BlackTitle "CM"]
[WhiteElo "2005"]
[BlackElo "2235"]
[WhiteFideId "41834062"]
[BlackFideId "26029685"]
[EventDate "2025.07.01"]

1. b3 d5 2. Bb2 Nf6 3. e3 Bf5 4. Nf3 h6 5. g3 e6 6. Bg2 Be7 7. O-O O-O 8. d3 c5
9. Nbd2 Nc6 10. Re1 Bh7 11. e4 d4 12. a4 e5 13. Nc4 Qc7 14. Rf1 a6 15. a5 Nd7
16. Bc1 f5 17. exf5 Bxf5 18. Nfd2 Nf6 19. Ne4 Be6 20. Nxf6+ Bxf6 21. Bd2 Rad8
22. Qe2 Bf7 23. f4 Rde8 24. f5 Ne7 25. Be4 Nd5 26. Qf2 Qe7 27. Qf3 Rd8 28. g4
Rfe8 29. Rae1 Bg5 30. Re2 Bxd2 31. Rxd2 Qg5 32. Rdf2 h5 33. Qg3 h4 34. Qf3 Nf4
35. h3 Re7 36. Bxb7 Rxb7 37. Qxb7 Nxh3+ 38. Kh2 Nxf2 39. Rxf2 Qxg4 40. Qf3 Qg5
41. Nxe5 Bd5 42. Qg4 Qxg4 43. Nxg4 Kf7 44. f6 gxf6 45. Nxf6 Bc6 46. Ne4+ Kg7 47.
Nxc5 Re8 48. Ne4 Bxe4 49. dxe4 Rxe4 50. Rd2 Kg6 51. Kh3 Kg5 52. b4 Re3+ 53. Kh2
Re4 54. Rd1 Kg4 55. Rg1+ Kf4 56. Rf1+ Kg4 57. Rg1+ Kh5 58. Rf1 Kg4 59. Rg1+ 1/2-1/2

[Event "Titled Tue 1st Jul Early"]
[Site "chess.com INT"]
[Date "2025.07.01"]
[Round "5"]
[White "Lezcano, Gustavo"]
[Black "Zaksaite, Salomeja"]
[Result "1-0"]
[BlackTitle "WGM"]
[WhiteElo "2007"]
[BlackElo "2133"]
[WhiteFideId "103306"]
[BlackFideId "12801496"]
[EventDate "2025.07.01"]

1. e4 Nf6 2. e5 Nd5 3. d4 d6 4. c4 Nb6 5. exd6 cxd6 6. Nc3 g6 7. a4 Bg7 8. a5
N6d7 9. Nf3 O-O 10. Be3 Nf6 11. h3 d5 12. c5 Nc6 13. Be2 Nxa5 14. b4 Nc6 15. b5
Nb8 16. b6 a6 17. Nb5 Nc6 18. Nc7 Rb8 19. O-O Ne4 20. Qb3 e5 21. Qxd5 Qxd5 22.
Nxd5 exd4 23. Bf4 Be6 24. Bxb8 Bxd5 25. Bd6 Nxd6 26. cxd6 Rd8 27. Rac1 Rxd6 28.
Bc4 Bxf3 29. gxf3 Ne5 30. Be2 d3 31. Rc8+ Bf8 32. Bd1 Rxb6 33. f4 Nd7 34. Bg4 f5
35. Bf3 Kg7 36. Rd1 Rb3 37. Bg2 Bd6 38. Rd8 Bxf4 39. Rxd7+ Kh6 40. Bf1 d2 41.
Rd3 Rb2 42. Kg2 b5 43. Ra3 b4 44. Rxa6 b3 45. Kf3 Be5 46. Rb6 Bc3 47. Bd3 1-0

[Event "Titled Tue 1st Jul Early"]
[Site "chess.com INT"]
[Date "2025.07.01"]
[Round "5"]
[White "Ochedzan, Filip"]
[Black "Cacheiro Blanco, Diego"]
[Result "0-1"]
[WhiteTitle "CM"]
[BlackTitle "FM"]
[WhiteElo "2044"]
[BlackElo "2383"]
[WhiteFideId "21892610"]
[BlackFideId "54541042"]
[EventDate "2025.07.01"]

1. f4 g6 2. Nf3 Bg7 3. g3 c5 4. Bg2 Nc6 5. O-O d5 6. d3 Nf6 7. Nc3 d4 8. Na4 Nd7
9. c4 dxc3 10. Nxc3 O-O 11. Be3 b6 12. Bf2 Bb7 13. e4 e6 14. Qe2 Qe7 15. Rac1
Nf6 16. h3 Nh5 17. e5 Nb4 18. a3 Nd5 19. Ne4 Ba6 20. Rfd1 Rad8 21. Nd6 Qd7 22.
Ng5 Ndxf4 23. gxf4 Nxf4 24. Qe4 Nxd3 25. Rxd3 Bxd3 26. Qxd3 Bxe5 27. Nge4 f5 28.
Qc4 fxe4 29. Nxe4 Bd4 30. Re1 Kg7 31. Qe2 Bxf2+ 32. Nxf2 Qd4 33. Rf1 Rf6 34. Qe4
Qxe4 35. Nxe4 Rxf1+ 36. Kxf1 Rd1+ 37. Ke2 Rb1 38. b4 cxb4 39. axb4 Rb2+ 40. Kf3
Rxb4 41. Ng5 e5 42. Ne4 a5 43. Ke3 Rb3+ 44. Ke2 a4 45. Nd2 Rb2 46. Bd5 a3 47.
Kd1 a2 48. Bxa2 Rxa2 49. Nc4 Rh2 50. Nxe5 Rxh3 51. Ng4 Rh5 52. Ne3 Kf6 53. Nf1
Rh1 54. Ke2 Rxf1 55. Kxf1 b5 56. Kg2 b4 57. Kf3 h5 58. Ke4 h4 59. Kf4 b3 60. Ke4
b2 61. Ke3 b1=Q 62. Kd4 Qg1+ 63. Kd5 h3 0-1

[Event "Titled Tue 1st Jul Early"]
[Site "chess.com INT"]
[Date "2025.07.01"]
[Round "5"]
[White "Shandrygin, Nikita"]
[Black "Pranesh, M"]
[Result "1-0"]
[WhiteTitle "FM"]
[BlackTitle "GM"]
[WhiteElo "2209"]
[BlackElo "2592"]
[WhiteFideId "24198668"]
[BlackFideId "35028600"]
[EventDate "2025.07.01"]

1. Nf3 Nc6 2. d4 e6 3. g3 f5 4. Bg2 Nf6 5. O-O Be7 6. c4 d6 7. d5 Ne5 8. dxe6
Nxf3+ 9. Bxf3 c6 10. b3 Bxe6 11. Bb2 O-O 12. Nc3 Nd7 13. e3 Ne5 14. Bg2 Bf6 15.
Qc2 Qe8 16. Ne2 Rd8 17. Nf4 Bc8 18. h4 h6 19. h5 Bg5 20. Bxe5 dxe5 21. Ng6 Rf7
22. Rad1 e4 23. Rxd8 Bxd8 24. Rd1 Rd7 25. Bh3 Bf6 26. Kg2 Rd8 27. Rd2 Be6 28.
Qd1 Kf7 29. Nf4 Bc8 30. Rd6 Be7 31. Rd4 a6 32. Rxd8 Qxd8 33. Qxd8 Bxd8 34. f3
exf3+ 35. Kxf3 Kf6 36. Ke2 Bc7 37. e4 Kg5 38. Ke3 Bxf4+ 39. gxf4+ Kxh5 40. exf5
Bd7 41. f6 Be8 42. fxg7 Bf7 43. Bc8 b6 44. Bxa6 Kg6 45. Bb7 c5 46. Bd5 Kxg7 47.
Bxf7 Kxf7 48. a3 Ke6 49. b4 cxb4 50. axb4 h5 51. Kf3 Kf5 52. c5 bxc5 53. bxc5
Ke6 54. Ke4 h4 55. f5+ Kf6 56. c6 h3 57. Kf3 Ke7 58. c7 Kd7 59. f6 h2 60. Kg2
h1=Q+ 61. Kxh1 Kxc7 62. f7 Kd6 63. f8=Q+ Ke6 64. Qf2 Kd5 65. Kg2 Ke4 66. Qf3+
Kd4 67. Kg3 Ke5 68. Qf4+ Ke6 69. Kf3 Kd5 70. Ke3 Kc5 71. Kd3 Kc6 72. Qe5 Kb6 73.
Qd5 Kc7 74. Qe6 Kb7 75. Qd6 Kc8 76. Qe7 Kb8 77. Kc4 Kc8 78. Kc5 Kb8 79. Kc6 Ka8
80. Qb7# 1-0

[Event "Titled Tue 1st Jul Early"]
[Site "chess.com INT"]
[Date "2025.07.01"]
[Round "5"]
[White "Javakhadze, Zurab"]
[Black "Mora Munoz, Alejandro"]
[Result "0-1"]
[WhiteTitle "IM"]
[BlackTitle "FM"]
[WhiteElo "2418"]
[BlackElo "2147"]
[WhiteFideId "13603647"]
[BlackFideId "4469844"]
[EventDate "2025.07.01"]

1. e4 c5 2. Nf3 d6 3. c3 Nf6 4. h3 g6 5. Bd3 Bg7 6. Bc2 O-O 7. O-O Nc6 8. d4
cxd4 9. cxd4 h6 10. Nc3 Bd7 11. e5 Ne8 12. Re1 dxe5 13. dxe5 Be6 14. Bf4 Qxd1
15. Raxd1 Nc7 16. Be4 Rfd8 17. Bxc6 bxc6 18. Nd4 Bd5 19. b3 e6 20. Bg3 Bf8 21.
Nc2 Na6 22. f4 Nb4 23. Re2 a5 24. Bf2 Be7 25. Red2 Rdc8 26. Na4 Rab8 27. Ba7 Rb7
28. Bc5 Nxa2 29. Bxe7 Rxe7 30. Nd4 Nb4 31. Nc5 Ra7 32. Ra1 Rca8 33. g3 h5 34.
Kf2 Na6 35. Na4 Rb8 36. Rc1 Rb4 37. Nc5 Nxc5 38. Rxc5 Ra6 39. Rd3 a4 40. bxa4
Rbxa4 41. Ke3 Ra1 42. Rc2 Rg1 43. Ne2 Rh1 44. h4 Ra4 45. Rdc3 Re4+ 46. Kf2 Rh2+
47. Kg1 Rhxe2 48. Rxe2 Rxe2 49. Ra3 Rg2+ 50. Kf1 Rb2 51. Rc3 Kg7 52. Kg1 Rb3 0-1

[Event "Titled Tue 1st Jul Early"]
[Site "chess.com INT"]
[Date "2025.07.01"]
[Round "5"]
[White "Legenia, Artem"]
[Black "Nikulina, Alena"]
[Result "0-1"]
[BlackTitle "WFM"]
[WhiteElo "2092"]
[BlackElo "1875"]
[WhiteFideId "14136945"]
[BlackFideId "4172051"]
[EventDate "2025.07.01"]

1. c4 e5 2. g3 Nf6 3. Bg2 d5 4. cxd5 Nxd5 5. a3 Bc5 6. Nc3 Nxc3 7. bxc3 Nc6 8.
d3 O-O 9. Nf3 Be6 10. O-O Bb6 11. a4 f5 12. Ba3 Re8 13. Nd2 Qf6 14. Rb1 Rad8 15.
Qc2 Bd5 16. Bxd5+ Rxd5 17. Nc4 Kh8 18. Rb5 Qe6 19. Rfb1 e4 20. a5 Nxa5 21. Nxa5
Bxa5 22. c4 exd3 23. exd3 Re5 24. Rxe5 Qxe5 25. Rxb7 Qa1+ 26. Bc1 h6 27. Kg2 Re1
28. d4 Qxd4 29. Rb8+ Kh7 30. Qxf5+ g6 31. Qf7+ Qg7 32. Qxg7+ Kxg7 33. Be3 Bb6
34. Rb7 Bxe3 35. Rxc7+ Kf6 36. fxe3 Rxe3 37. Rxa7 Rc3 38. Ra4 Ke5 39. Ra6 Kf5
40. Ra4 g5 41. h3 h5 42. Ra5+ Kf6 43. c5 g4 44. hxg4 hxg4 45. Ra6+ Kf5 46. c6
Rc2+ 47. Kf1 Ke4 48. Ra3 Rxc6 49. Kg2 Rc2+ 50. Kg1 Rb2 51. Rc3 Re2 52. Rb3 Re3
53. Rxe3+ Kxe3 54. Kg2 Ke2 55. Kh2 Kf2 56. Kh1 Kxg3 57. Kg1 Kf3 58. Kf1 g3 59.
Kg1 g2 0-1

[Event "Titled Tue 1st Jul Early"]
[Site "chess.com INT"]
[Date "2025.07.01"]
[Round "5"]
[White "Lopez Rayo, Santiago"]
[Black "Marchesich, Giovanni"]
[Result "0-1"]
[WhiteTitle "FM"]
[BlackTitle "CM"]
[WhiteElo "2350"]
[BlackElo "2189"]
[WhiteFideId "4455665"]
[BlackFideId "2824790"]
[EventDate "2025.07.01"]

1. e4 d5 2. exd5 Qxd5 3. Nc3 Qe5+ 4. Be2 c6 5. Nf3 Qc7 6. d4 Nf6 7. O-O Bf5 8.
Ne5 e6 9. Bf4 Bd6 10. Re1 O-O 11. Na4 Nbd7 12. Bf3 Bxe5 13. dxe5 Nd5 14. Bg3
Rfd8 15. a3 b5 16. Nc3 Nxc3 17. bxc3 Nb6 18. Qe2 Nd5 19. c4 bxc4 20. Qxc4 Nb6
21. Qxc6 Qxc6 22. Bxc6 Rac8 23. Bf3 Rxc2 24. Rac1 Rdc8 25. Bf4 h6 26. Be3 g5 27.
Be2 Kg7 28. Ba6 R8c3 29. Rxc2 Rxc2 30. Ra1 Kg6 31. a4 Rc7 32. a5 Nd5 33. Bd2 Rc2
34. Rd1 Ra2 35. Bc4 Ra4 36. Bb5 Ra2 37. f3 Bc2 38. Rc1 Bb3 39. Be1 Kf5 40. Bg3
Nf4 41. Bf1 Kxe5 42. Rc7 Ra1 43. Rxf7 Bc4 44. h3 Rxf1+ 45. Kh2 Re1 46. Rxa7 Re2
47. Bxf4+ gxf4 48. Rc7 Bd5 49. a6 Bxf3 50. Rg7 Bd5 51. a7 Ra2 52. h4 f3 53. h5
fxg2 0-1

[Event "Titled Tue 1st Jul Early"]
[Site "chess.com INT"]
[Date "2025.07.01"]
[Round "5"]
[White "Vihaan Dumir"]
[Black "Unsal, Gorkem"]
[Result "1-0"]
[WhiteTitle "CM"]
[BlackTitle "CM"]
[WhiteElo "2143"]
[BlackElo "2109"]
[WhiteFideId "25901010"]
[BlackFideId "51607484"]
[EventDate "2025.07.01"]

1. d4 d5 2. Bf4 c5 3. e3 Nc6 4. Nf3 Nf6 5. Nbd2 Bf5 6. Bb5 e6 7. O-O Bd6 8. dxc5
Bxc5 9. c4 O-O 10. cxd5 Nxd5 11. Bg3 Ndb4 12. a3 Nd3 13. b4 Bb6 14. Nh4 Nde5 15.
Nxf5 exf5 16. Qe2 a6 17. Ba4 Re8 18. Rfd1 Qf6 19. Rac1 Rad8 20. Bxe5 Qxe5 21.
Bxc6 bxc6 22. Qxa6 Bc7 23. Nf3 Qb2 24. Qxc6 Bb8 25. Rxd8 Rxd8 26. Qc8 Qf6 27.
Qc2 g5 28. Nd4 f4 29. Nc6 Re8 30. Nxb8 Rxb8 31. exf4 Qxf4 32. Qc7 Qxc7 33. Rxc7
Re8 34. g3 Re1+ 35. Kg2 Rb1 36. Rc5 h6 37. Ra5 Kf8 38. b5 Ke7 39. a4 Kd7 40.
Ra7+ Kc8 41. Rxf7 Rb4 42. Ra7 Kb8 43. Ra6 Kb7 44. Rxh6 Rxa4 45. Rg6 g4 46. h3
gxh3+ 47. Kxh3 Rb4 48. b6 Re4 49. f4 Re1 50. Kg4 Rg1 51. f5 Rf1 52. Kg5 Rf2 53.
g4 Rf1 54. Re6 Rh1 55. f6 Rf1 56. Kg6 Kc8 57. g5 Kd7 58. Re7+ Kc6 59. b7 1-0

[Event "Titled Tue 1st Jul Early"]
[Site "chess.com INT"]
[Date "2025.07.01"]
[Round "5"]
[White "Xiong, Jeffery"]
[Black "Naroditsky, Daniel"]
[Result "0-1"]
[WhiteTitle "GM"]
[BlackTitle "GM"]
[WhiteElo "2646"]
[BlackElo "2619"]
[WhiteFideId "2047640"]
[BlackFideId "2026961"]
[EventDate "2025.07.01"]

1. d4 Nf6 2. Nf3 g6 3. Nc3 d5 4. Bf4 Bg7 5. e3 O-O 6. Be2 Bg4 7. Nb5 Na6 8. c3
c6 9. Na3 Bxf3 10. Bxf3 Nd7 11. O-O e5 12. Bg3 Nc7 13. c4 exd4 14. exd4 Ne6 15.
cxd5 Nxd4 16. dxc6 bxc6 17. Nc4 Nb6 18. Ne5 Nxf3+ 19. Qxf3 Qd5 20. b3 Qxf3 21.
gxf3 f5 22. Rae1 f4 23. Bh4 g5 24. Bxg5 Rf5 25. Bxf4 Rxf4 26. Nxc6 Rxf3 27. Re4
Raf8 28. Nxa7 Nd5 29. Nc6 Nf4 30. Ne5 Nh3+ 31. Kg2 R3f4 32. Re2 Rh4 33. Nd3 Rd8
34. Kg3 Rh6 35. Re3 Bd4 36. Re4 Kh8 37. Rh4 Rxh4 38. Kxh4 Bf6+ 39. Kxh3 Rxd3+
40. Kg4 Rd2 41. h3 Rxa2 42. f4 Kg7 43. Kf5 Kf7 44. Rf3 Ra5+ 45. Ke4 Rb5 46. Rd3
Ke6 47. f5+ Ke7 48. Re3 Bg5 49. Rd3 h6 50. Rf3 Kf6 51. Kd4 h5 52. Ke4 Rb4+ 53.
Kd5 Bf4 54. Kc5 Re4 55. b4 Kxf5 56. b5 Ke5 57. b6 Be3+ 58. Kb5 Kd6 59. Rf6+ Kd7
60. Rf7+ Kd6 61. Rf6+ Ke7 62. Rf5 Re6 63. Rg5 Bxg5 0-1

[Event "Titled Tue 1st Jul Early"]
[Site "chess.com INT"]
[Date "2025.07.01"]
[Round "5"]
[White "Hansen, Eric"]
[Black "Agibileg, Uurtsaikh"]
[Result "1-0"]
[WhiteTitle "GM"]
[BlackTitle "IM"]
[WhiteElo "2609"]
[BlackElo "2380"]
[WhiteFideId "2606771"]
[BlackFideId "4901606"]
[EventDate "2025.07.01"]

1. e4 c5 2. Nf3 e6 3. d4 cxd4 4. Nxd4 Nc6 5. Nc3 a6 6. Qd3 Nxd4 7. Qxd4 Ne7 8.
Bd2 Nc6 9. Qe3 b5 10. O-O-O Bb7 11. Kb1 Be7 12. Qg3 O-O 13. e5 Qc7 14. Bf4 Rfc8
15. h4 b4 16. Ne4 Nxe5 17. Bd3 d6 18. h5 Nxd3 19. Qxd3 e5 20. Bc1 d5 21. Ng3 e4
22. Qe2 Bf6 23. Nf5 a5 24. g4 a4 25. g5 Be5 26. g6 a3 27. gxf7+ Kxf7 28. Nd4
axb2 29. Bxb2 Qa5 30. Qg4 Qxa2+ 31. Kc1 Rxc2+ 32. Kxc2 Rc8+ 33. Kd2 Qxb2+ 34.
Ke1 Qc3+ 35. Kf1 Ba6+ 36. Kg2 Bxd4 37. Qd7+ Kg8 38. Qxd5+ Kh8 39. Qxe4 Bf6 40.
Rc1 Qe5 41. Rxc8+ Bxc8 42. Qxe5 Bxe5 43. Re1 Bb7+ 44. f3 g6 45. Rxe5 Bc6 46. h6
Kg8 47. Re6 Bd5 48. Rd6 Bc4 49. Rd4 Be6 50. Rxb4 g5 51. Rb7 g4 52. Rg7+ Kh8 53.
f4 g3 54. Kxg3 Bd5 55. Kh4 Be6 56. Kg5 Bd5 57. Kf6 Bg8 1-0

[Event "Titled Tue 1st Jul Early"]
[Site "chess.com INT"]
[Date "2025.07.01"]
[Round "5"]
[White "Qin, Kevin"]
[Black "Evdokimov, Alexey"]
[Result "0-1"]
[BlackTitle "FM"]
[WhiteElo "2017"]
[BlackElo "2205"]
[WhiteFideId "2627949"]
[BlackFideId "24162450"]
[EventDate "2025.07.01"]

1. c4 Nf6 2. Nc3 g6 3. e4 Bg7 4. g3 d6 5. Bg2 O-O 6. Nge2 c5 7. O-O Nc6 8. Rb1
Rb8 9. a3 a6 10. b4 cxb4 11. axb4 b5 12. cxb5 axb5 13. d3 Nd7 14. Be3 Bb7 15.
Qd2 Ba8 16. f4 e6 17. f5 Nce5 18. h3 exf5 19. exf5 Bxg2 20. Kxg2 Nf6 21. Bh6 Qc8
22. Bxg7 Kxg7 23. Qe3 Qb7+ 24. Kg1 Rbe8 25. Ne4 Nxe4 26. dxe4 f6 27. Nf4 Nc4 28.
Qf2 Qxe4 29. Ne6+ Rxe6 30. fxe6 Qxe6 31. Rbe1 Qd7 32. Kh2 Rf7 33. Qf4 Ne5 34.
Rd1 Qc6 35. Rc1 Qd5 36. Rcd1 Qc6 37. Rd4 f5 38. Rd2 Ra7 39. Rdf2 Ra3 40. g4 Qc3
41. Rg2 Qxh3+ 42. Kg1 Nxg4 43. Qxd6 Qe3+ 44. Kh1 Qh6+ 45. Kg1 Qe3+ 46. Kh1 Qe5
47. Qd7+ Kh6 48. Qd2+ Kh5 49. Re1 Rh3+ 50. Kg1 Qc3 51. Qe2 Qxb4 52. Rd1 Qc5+ 53.
Rf2 Qxf2+ 54. Qxf2 Nxf2 55. Kxf2 Rb3 56. Rh1+ Kg5 57. Rxh7 Kf6 58. Rh8 g5 59.
Rf8+ Ke5 60. Rb8 Kf4 61. Re8 Rb2+ 62. Kg1 g4 63. Re6 g3 64. Kf1 Kf3 65. Re7 Rb1+
66. Re1 Rxe1+ 0-1

[Event "Titled Tue 1st Jul Early"]
[Site "chess.com INT"]
[Date "2025.07.01"]
[Round "5"]
[White "Devaev, Alexander"]
[Black "Ismagilov, Damir"]
[Result "0-1"]
[WhiteTitle "FM"]
[BlackTitle "CM"]
[WhiteElo "2306"]
[BlackElo "2173"]
[WhiteFideId "4169395"]
[BlackFideId "34199982"]
[EventDate "2025.07.01"]

1. d4 Nf6 2. c4 e6 3. Nc3 Bb4 4. f3 c5 5. d5 d6 6. e4 b5 7. a3 Ba5 8. Bg5 h6 9.
Bh4 a6 10. Bd3 O-O 11. Ne2 Nbd7 12. O-O Ne5 13. cxb5 Nxd3 14. Qxd3 axb5 15. Nxb5
exd5 16. Nec3 d4 17. Nd5 g5 18. Nxf6+ Qxf6 19. Bg3 Rd8 20. Nxd6 Rxd6 21. e5 Qg6
22. Qc4 Rc6 23. b4 cxb4 24. Qd5 Qe6 25. Qxe6 Bxe6 26. axb4 Rca6 27. bxa5 Rxa5
28. Rxa5 Rxa5 29. Rd1 Rd5 30. Kf2 Kg7 31. Ke2 Bf5 32. Rc1 Ra5 33. Rd1 Ra2+ 34.
Rd2 d3+ 35. Ke3 Ra1 36. h4 Kg6 37. Bf2 h5 38. hxg5 Kxg5 39. Bg3 Ra4 40. Bf2 h4
41. Bg1 Ra1 42. Bf2 Rf1 43. Kd4 Rh1 44. Ke3 Ra1 45. Kd4 Ra4+ 46. Ke3 Rc4 47. Be1
Rc5 48. Kd4 Rc8 49. Bf2 Kf4 50. Be3+ Kg3 51. Bg5 Rd8+ 52. Kc5 Rc8+ 53. Kd6 Rc2
54. Ke7 Rxd2 55. Bxd2 Be6 56. Be1+ Kxg2 57. f4 h3 58. f5 Bxf5 59. Kxf7 h2 60.
Kf6 Bh3 61. Bg3 Kxg3 0-1

[Event "Titled Tue 1st Jul Early"]
[Site "chess.com INT"]
[Date "2025.07.01"]
[Round "5"]
[White "Dahal, Sushrut"]
[Black "Sydoryka, Vladyslav"]
[Result "0-1"]
[WhiteTitle "CM"]
[BlackTitle "FM"]
[WhiteElo "2041"]
[BlackElo "2246"]
[WhiteFideId "12303275"]
[BlackFideId "14145928"]
[EventDate "2025.07.01"]

1. d4 Nf6 2. Nc3 d5 3. Bf4 c5 4. e4 Nxe4 5. Nxe4 dxe4 6. dxc5 Qa5+ 7. c3 Qxc5 8.
Qa4+ Nc6 9. Qxe4 g6 10. Qe3 Qd5 11. Nf3 Bg7 12. Be2 O-O 13. Bh6 Bf5 14. Bxg7
Kxg7 15. O-O Rfd8 16. h3 Qa5 17. Rfe1 Rd6 18. Bc4 Be6 19. Qf4 Bxc4 20. Qxc4 Rad8
21. h4 h6 22. Qb3 R8d7 23. Re4 e6 24. Rae1 Qf5 25. Qa4 Qa5 26. Qb3 Rd5 27. a3
Qc7 28. Qa4 a6 29. Qb3 Qd6 30. R4e3 Rb5 31. Qc2 Rd5 32. c4 Rd1 33. Qc3+ Kg8 34.
g3 Rxe1+ 35. Rxe1 Nd4 36. Nxd4 Qxd4 37. Qxd4 Rxd4 38. Rc1 Rd2 39. b3 Rd3 40. Rb1
Kf8 41. Kf1 e5 42. Ke2 e4 43. Rb2 Ke7 44. a4 Ke6 45. b4 Ke5 46. b5 a5 47. b6 Rc3
48. Rb5+ Kd4 49. Rxa5 Rc2+ 50. Kf1 Rxc4 51. Ra7 f5 52. Rxb7 Rxa4 53. Rc7 Rb4 54.
Rc6 g5 55. Rxh6 f4 56. hxg5 f3 57. Kg1 Rb1+ 58. Kh2 Rf1 59. b7 Rxf2+ 60. Kh3 Rb2
61. Rh7 Rb1 62. Kg4 f2 63. Rf7 e3 64. g6 Rxb7 65. g7 Rxf7 66. g8=Q f1=Q 67. Qd8+
Kc3 68. Qa5+ Kd3 69. Qa3+ Kd2 70. Qb2+ Ke1 71. Qc1+ Kf2 72. Qc2+ Kg1 73. Qe4 e2
74. Qd4+ Rf2 0-1

[Event "Titled Tue 1st Jul Early"]
[Site "chess.com INT"]
[Date "2025.07.01"]
[Round "5"]
[White "Veiga, Jose Francisco R P Neves"]
[Black "Duarte Cramer, Lily Jeanette"]
[Result "1-0"]
[WhiteTitle "IM"]
[BlackTitle "WCM"]
[WhiteElo "2390"]
[BlackElo "1828"]
[WhiteFideId "1930087"]
[BlackFideId "29620180"]
[EventDate "2025.07.01"]

1. e4 c5 2. Nf3 d6 3. d4 cxd4 4. Nxd4 Nf6 5. Nc3 a6 6. Bg5 e6 7. f4 Be7 8. Qf3
Qc7 9. O-O-O Nbd7 10. Bd3 b5 11. Rhe1 b4 12. Nd5 exd5 13. Nf5 dxe4 14. Bxe4 Nxe4
15. Qxe4 O-O 16. Nxe7+ Kh8 17. Qxa8 Bb7 18. Qa7 f6 19. Bh4 Nc5 20. Nd5 Qf7 21.
Re7 Qh5 22. Bg3 Bxd5 23. Rxg7 Bf7 24. Rxf7 Rxf7 25. Qb8+ Kg7 26. Qxd6 Ne4 27.
Qxb4 Nxg3 28. hxg3 Qe2 29. Qd2 Qe6 30. Kb1 Qg4 31. Qd3 Re7 32. Rh1 Qh5 33. Qf1
Qg4 34. Qf3 Qe6 35. a3 Rc7 36. Qh5 Qe4 37. Qh6+ Kg8 38. Rc1 Qc6 39. Qh3 Kg7 40.
g4 Rb7 41. g5 Qb6 42. gxf6+ Qxf6 43. Qg3+ Kh8 44. c3 Qf5+ 45. Ka1 Qb5 46. Qf2
Rd7 47. Re1 Rd5 48. Qe3 Kg7 49. Qe7+ Kg6 50. Re6+ Kh5 51. Qxh7+ Kg4 52. Qh3+
Kxf4 53. Qf3+ Kg5 54. Qf6+ Kg4 55. Re4+ Kg3 56. Qh4+ Kxg2 57. Rg4+ Kf3 58. Rg3+
Ke2 59. Qh2+ Kd1 60. Rg1+ Qf1 61. Rxf1# 1-0

[Event "Titled Tue 1st Jul Early"]
[Site "chess.com INT"]
[Date "2025.07.01"]
[Round "5"]
[White "Ebrahimi Herab, Hamidreza"]
[Black "Cori Quispe, Kevin Joel"]
[Result "0-1"]
[WhiteTitle "FM"]
[BlackTitle "GM"]
[WhiteElo "2404"]
[BlackElo "2461"]
[WhiteFideId "22512888"]
[BlackFideId "3814017"]
[EventDate "2025.07.01"]

1. d4 Nf6 2. c4 c5 3. d5 b5 4. cxb5 a6 5. bxa6 g6 6. Nc3 Bg7 7. Nf3 O-O 8. a7
Rxa7 9. e4 e6 10. Be2 exd5 11. exd5 d6 12. O-O Re8 13. Bf4 Ne4 14. Bb5 Bd7 15.
Bxd7 Qxd7 16. Qc2 Qf5 17. Nxe4 Qxf4 18. Rfe1 Nd7 19. a3 Rb7 20. Rab1 Reb8 21. b3
h6 22. Re3 Ne5 23. Nxe5 Bxe5 24. g3 Qf5 25. Qc4 h5 26. b4 cxb4 27. Rxb4 Rxb4 28.
axb4 Rc8 29. Qd3 Rc1+ 30. Kg2 h4 31. gxh4 Qg4+ 32. Ng3 Rd1 33. Qe4 Qxe4+ 34.
Nxe4 Rxd5 35. Rb3 Rb5 36. f3 f5 37. Nf2 Kf7 38. Nd3 Ke6 39. Kf2 Kd5 40. Ke3 Kc4
41. Rb1 Bd4+ 42. Ke2 Rb8 43. Rc1+ Bc3 44. Nf4 Re8+ 45. Kf2 Kb3 46. b5 Bd2 47.
Rb1+ Kc2 48. Nxg6 Kxb1 49. h5 Kc2 50. f4 Be3+ 51. Kf3 Bc5 52. h6 d5 53. h7 d4
54. Ne5 d3 55. Nc4 d2 56. Nxd2 Kxd2 57. b6 Bxb6 0-1

[Event "Titled Tue 1st Jul Early"]
[Site "chess.com INT"]
[Date "2025.07.01"]
[Round "5"]
[White "Ishvi, Aggarwal"]
[Black "Ter-Sahakyan, Samvel"]
[Result "1/2-1/2"]
[WhiteTitle "WCM"]
[BlackTitle "GM"]
[WhiteElo "1954"]
[BlackElo "2611"]
[WhiteFideId "25728890"]
[BlackFideId "13302531"]
[EventDate "2025.07.01"]

1. d4 Nf6 2. c4 e6 3. Nf3 d5 4. Nc3 h6 5. Bf4 Bb4 6. e3 O-O 7. Be2 c5 8. dxc5
Nc6 9. O-O Bxc5 10. cxd5 Nxd5 11. Nxd5 exd5 12. Rc1 Bb6 13. Bb5 Ne7 14. Nd4 Ng6
15. Bg3 Qg5 16. Nf3 Qd8 17. Nd4 Bd7 18. Qd3 Re8 19. Nf5 Bxb5 20. Qxb5 Qg5 21.
Qxd5 Rad8 22. Qf3 Rd2 23. Nd6 Rf8 24. Ne4 Qd5 25. Nxd2 Qxd2 26. Qxb7 Qxb2 27.
Bc7 Kh7 28. Bxb6 axb6 29. Rc6 Qxa2 30. Qxb6 Qd5 31. Qc5 Qd8 32. Rc7 Qf6 33. g3
Ra8 34. Qc6 Qxc6 35. Rxc6 Ne5 36. Rc7 f6 37. Kg2 Ra2 38. h3 Kg6 39. Rb7 Nc4 40.
Kf3 Nd2+ 41. Kg2 Nxf1 42. Kxf1 h5 43. Kg2 Ra5 44. Kf3 Ra4 45. Kg2 h4 46. g4 Ra2
47. Kf3 Kh6 48. Kg2 g5 49. Rf7 Kg6 50. Rb7 Rc2 51. Rb6 Rd2 52. Kf3 Ra2 53. Kg2
Rc2 54. Kf3 Kf7 55. Rb7+ Ke6 56. Rb6+ Ke5 57. Rb5+ Ke6 58. Rb6+ Kf7 59. Rb7+ Kg6
60. Rb6 Kf7 1/2-1/2

[Event "Titled Tue 1st Jul Early"]
[Site "chess.com INT"]
[Date "2025.07.01"]
[Round "5"]
[White "Chigaev, Maksim"]
[Black "Volovich, Vasily"]
[Result "1/2-1/2"]
[WhiteTitle "GM"]
[BlackTitle "FM"]
[WhiteElo "2628"]
[BlackElo "2177"]
[WhiteFideId "4108116"]
[BlackFideId "34169676"]
[EventDate "2025.07.01"]

1. e4 e6 2. d4 d5 3. exd5 exd5 4. Bf4 Nf6 5. Nc3 Bd6 6. Qd2 O-O 7. O-O-O c6 8.
f3 b5 9. g4 a5 10. h4 a4 11. h5 b4 12. Nce2 b3 13. a3 bxc2 14. Kxc2 Ba6 15. Bxd6
Qxd6 16. Qf4 Qe7 17. Ng3 Bxf1 18. Nf5 Qb7 19. Qg5 Ne8 20. Rxf1 Qb3+ 21. Kd2
Qxb2+ 22. Ke3 f6 23. Qf4 Nd7 24. Ne2 Nb6 25. Kf2 Nc4 26. Rb1 Qxa3 27. Ra1 Qb4
28. Rhb1 Qa5 29. Ne7+ Kf7 30. Nxc6 Qc7 31. Qxc7+ Nxc7 32. Rb7 Rfc8 33. Na7 Nd6
34. Nxc8 Nxb7 35. Nb6 Ra6 36. Nxa4 Nd6 37. Rc1 Ne6 38. Nc5 Rc6 39. Nxe6 Rxc1 40.
Nd8+ Ke8 41. Nxc1 Kxd8 42. Nd3 Nb5 43. Ke3 Ke7 44. Nf4 Kd6 45. Ne2 Na3 46. Kf4
Nc4 47. h6 g6 48. g5 Ke6 49. gxf6 Kxf6 50. Ng3 g5+ 51. Kg4 Kg6 52. Nf5 Nd2 53.
Ne7+ Kxh6 54. Nxd5 Kg6 55. Ne3 h5+ 56. Kg3 h4+ 57. Kg4 h3 58. Kxh3 Nxf3 59. d5
Kf6 60. Kg3 Ne5 61. Ng4+ Nxg4 62. Kxg4 Ke5 63. Kxg5 Kxd5 1/2-1/2

[Event "Titled Tue 1st Jul Early"]
[Site "chess.com INT"]
[Date "2025.07.01"]
[Round "5"]
[White "Molina, Roberto Junio Brito"]
[Black "Lee, Qing Aun"]
[Result "1-0"]
[WhiteTitle "IM"]
[BlackTitle "FM"]
[WhiteElo "2377"]
[BlackElo "2280"]
[WhiteFideId "2109450"]
[BlackFideId "5804167"]
[EventDate "2025.07.01"]

1. d4 e6 2. Nf3 f5 3. g3 Nf6 4. Bg2 d5 5. O-O Bd6 6. b3 Qe7 7. c4 c6 8. Bb2 O-O
9. Qc1 Nbd7 10. Ba3 Ne4 11. Bxd6 Qxd6 12. Qa3 Qc7 13. Nbd2 Ndf6 14. Rac1 Bd7 15.
Rc2 Be8 16. Ne5 a6 17. Nxe4 fxe4 18. f3 exf3 19. exf3 Rd8 20. c5 Nd7 21. Re2
Nxe5 22. Rxe5 Rf6 23. Rfe1 Bf7 24. f4 Qd7 25. Qb2 Bg6 26. Qd2 Bf5 27. Bf1 Qf7
28. Bd3 Bxd3 29. Qxd3 Rf8 30. Qe3 Re8 31. b4 Kf8 32. a4 Qg6 33. Qd2 h6 34. Kg2
Kf7 35. Kh3 Rf5 36. R5e3 Rh5+ 37. Kg2 Rf5 38. Qd3 h5 39. Re5 h4 40. Qxf5+ exf5
41. Rxe8 Qh5 42. R8e7+ Kg8 43. R7e5 h3+ 44. Kf2 Qg4 45. Re8+ Kh7 46. R8e7 Qg6
47. R1e6 Qh5 48. Re2 Qg6 49. Rxb7 Qf6 50. Re5 Qd8 51. Ree7 a5 52. Rxg7+ Kh6 53.
Rh7+ Kg6 54. Rbg7+ Kf6 55. Rd7 Qf8 56. Rhf7+ 1-0